<?xml version="1.0" encoding="UTF-8"?><?xml-stylesheet type="text/xsl" href="static/style.xsl"?><OAI-PMH xmlns="http://www.openarchives.org/OAI/2.0/" xmlns:xsi="http://www.w3.org/2001/XMLSchema-instance" xsi:schemaLocation="http://www.openarchives.org/OAI/2.0/ http://www.openarchives.org/OAI/2.0/OAI-PMH.xsd"><responseDate>2026-04-14T06:53:49Z</responseDate><request verb="GetRecord" identifier="oai:www.recercat.cat:20.500.12694/7051" metadataPrefix="marc">https://recercat.cat/oai/request</request><GetRecord><record><header><identifier>oai:recercat.cat:20.500.12694/7051</identifier><datestamp>2025-12-18T12:09:19Z</datestamp><setSpec>com_2072_179042</setSpec><setSpec>col_2072_484474</setSpec></header><metadata><record xmlns="http://www.loc.gov/MARC21/slim" xmlns:dcterms="http://purl.org/dc/terms/" xmlns:xsi="http://www.w3.org/2001/XMLSchema-instance" xmlns:doc="http://www.lyncode.com/xoai" xsi:schemaLocation="http://www.loc.gov/MARC21/slim http://www.loc.gov/standards/marcxml/schema/MARC21slim.xsd">
   <leader>00925njm 22002777a 4500</leader>
   <datafield ind2=" " ind1=" " tag="042">
      <subfield code="a">dc</subfield>
   </datafield>
   <datafield ind2=" " ind1=" " tag="720">
      <subfield code="a">Cuatrecasas Estévez, Maria</subfield>
      <subfield code="e">author</subfield>
   </datafield>
   <datafield ind2=" " ind1=" " tag="260">
      <subfield code="c">2019-06</subfield>
   </datafield>
   <datafield ind2=" " ind1=" " tag="520">
      <subfield code="a">L’objectiu principal i la base d’aquest projecte ha estat organitzar un concert inclusiu, en el qual han participat músics de l’ESMUC i un grup de músics del Centre Ocupacional Bogatell. En el treball escrit es descriu tot el procediment realitzat fins a arribar al dia del concert (com s’han organitzat les sessions, la instrumentació, el repertori, etc.). Per tant, bona part d’aquest treball es fonamenta en l’experiència pròpia de l’organització del concert; però també inclou una part teòrica en què s’explica l’educació inclusiva i, especialment, la música comunitària inclusiva.</subfield>
   </datafield>
   <datafield ind2=" " ind1=" " tag="520">
      <subfield code="a">El objetivo principal y la base de este proyecto ha sido organizar un concierto inclusivo, en el que han participado músicos de la ESMUC y un grupo de músicos del Centre Ocupacional Bogatell. En el trabajo escrito se describe todo el procedimiento llevado a cabo hasta la celebración del concierto (cómo se organizaron las sesiones, la instrumentación, el repertorio, etc.). Por lo tanto, buena parte de este trabajo se fundamenta en la experiencia propia de la organización del concierto; sin embargo, también incluye una parte teórica en la que se explica la educación inclusiva y, en particular, la música comunitaria inclusiva.</subfield>
   </datafield>
   <datafield ind2=" " ind1=" " tag="520">
      <subfield code="a">The main goal and foundation of this project was to organize an inclusive concert, in which musicians from ESMUC and participants from the Centre Ocupacional Bogatell took part. In this project, I describe the procedure followed in preparation for the concert (organization of sessions, instrumentation, repertoire, etc.). Therefore, much of this work is grounded in the personal experience of organizing the concert; however, it also includes a theoretical section addressing inclusive education and, in particular, inclusive community music.</subfield>
   </datafield>
   <datafield ind1="8" ind2=" " tag="024">
      <subfield code="a">http://hdl.handle.net/20.500.12694/7051</subfield>
   </datafield>
   <datafield tag="653" ind2=" " ind1=" ">
      <subfield code="a">TFG Música clàssica i contemporània</subfield>
   </datafield>
   <datafield tag="653" ind2=" " ind1=" ">
      <subfield code="a">Concerts (Execució musical)--Producció i direcció</subfield>
   </datafield>
   <datafield tag="653" ind2=" " ind1=" ">
      <subfield code="a">Centre Ocupacional Bogatell</subfield>
   </datafield>
   <datafield tag="653" ind2=" " ind1=" ">
      <subfield code="a">Esdeveniments especials</subfield>
   </datafield>
   <datafield tag="653" ind2=" " ind1=" ">
      <subfield code="a">Educació inclusiva</subfield>
   </datafield>
   <datafield ind2="0" ind1="0" tag="245">
      <subfield code="a">Un recital inclusiu: un concert amb persones especials</subfield>
   </datafield>
</record></metadata></record></GetRecord></OAI-PMH>